000 00304nam a2200121 a 4500
008 110324s1961|||| d
100 1 _aSvoboda, A. - Tučková, A.
245 1 0 _aČeskoslovensko krajina neznáma
260 _bOsveta
_aBratislava
_c1961
020 _c38
041 _aslo
044 _axo
_cSK
999 _c18501
_d18501